000 00820nac a22002771i 4500
003 EG-ScBUE
005 20221219104155.0
008 221219t2002 nyua f 000 0 eng d
020 _a0060086793
020 _a9780060086794
040 _aEG-ScBUE
_beng
_erda
_cEG-ScBUE
_dEG-ScBUE
082 0 4 _a728.962
_bPOO
_222
245 0 0 _aPools /
_c[editor, Haike Falkenberg]
264 1 _aNew York :
_bLoft publications,
_c[2002]
264 4 _cc2002
300 _a327 pages :
_bcolor illustrations ;
_c25 cm
336 _2rdacontent
_atext
_btxt
337 _2rdamedia
_aunmediated
_bn
338 _2rdacarrier
_avolume
_bnc
650 7 _aSwimming pools.
_2BUEsh
650 7 _aWater in landscape architecture.
_2BUEsh
653 _bENGARC
655 _vReading book
700 1 _aFalkenberg, Haike,
_eeditor.
942 _cBB
_2ddc
999 _c3174
_d3174